[Event "38th ECC Open 2023"]
[Site "Durres ALB"]
[Date "2023.10.05"]
[Round "5.2"]
[Board "3"]
[White "Tari, Aryan"]
[Black "Navara, David"]
[Result "1/2-1/2"]
[WhiteTitle "GM"]
[BlackTitle "GM"]
[WhiteElo "2619"]
[BlackElo "2689"]
[WhiteTeam "Offerspill Sjakklubb"]
[BlackTeam "Novy Bor"]
[WhiteFideId "1510045"]
[BlackFideId "309095"]
[EventDate "2023.10.01"]

1. e4 e5 2. Nf3 Nc6 3. Bb5 Nf6 4. d3 Bc5 5. Bxc6 dxc6 6. O-O Nd7 7. Nbd2 O-O 8.
Nc4 Re8 9. Kh1 a5 10. a4 b6 11. b3 f6 12. Nh4 Bd4 13. Ra2 Nf8 14. Be3 Ng6 15.
Bxd4 Qxd4 16. Nf3 Qc5 17. Ne3 Be6 18. Ng1 Rad8 19. Ra1 Nf4 20. g3 Nh3 21. Nxh3
Bxh3 22. Rg1 Be6 23. Qe2 Rf8 24. Raf1 g6 25. f4 f5 26. exf5 Bd5+ 27. Nxd5 Qxd5+
28. Qg2 Rxf5 29. fxe5 Rxe5 30. Rf2 Rf8 31. Rxf8+ Kxf8 32. Rf1+ Ke7 33. Kg1 Qxg2+
34. Kxg2 b5 35. Rf4 Re2+ 36. Rf2 Re1 37. Rf1 Re2+ 38. Rf2 Re1 39. Rf1 Re5 40.
Rf4 Re2+ 1/2-1/2

[Event "38th ECC Open 2023"]
[Site "Durres ALB"]
[Date "2023.10.05"]
[Round "5.2"]
[Board "4"]
[White "Nguyen, Thai Dai Van"]
[Black "Pranav, V"]
[Result "1/2-1/2"]
[WhiteTitle "GM"]
[BlackTitle "GM"]
[WhiteElo "2618"]
[BlackElo "2579"]
[WhiteTeam "Novy Bor"]
[BlackTeam "Offerspill Sjakklubb"]
[WhiteFideId "358878"]
[BlackFideId "25060783"]
[EventDate "2023.10.01"]

1. e4 e5 2. Nf3 Nc6 3. Bb5 a6 4. Ba4 Nf6 5. O-O b5 6. Bb3 Bc5 7. a4 Rb8 8. c3 d6
9. d4 Bb6 10. a5 Ba7 11. h3 O-O 12. Be3 Ra8 13. Nbd2 h6 14. Re1 Re8 15. Ba2 Bb7
16. Qb3 Qd7 17. Bb1 Nd8 18. Qc2 c5 19. d5 c4 20. Bxa7 Rxa7 21. b3 cxb3 22. Qxb3
Bc8 23. c4 Nb7 24. Qe3 Nc5 25. Nb3 Nxb3 26. Qxb3 bxc4 27. Qxc4 Rc7 28. Qb4 Qe7
29. Bd3 Nd7 30. Bf1 Nc5 31. Nd2 Bd7 32. Rab1 f5 33. Qa3 fxe4 34. Rb6 Qg5 35. Qe3
Qf6 36. Rc1 Bf5 37. Nb3 Qd8 38. Nxc5 dxc5 39. Rxc5 Rf7 40. Bxa6 Ref8 41. Bb7 Qh4
42. Rc2 Qh5 43. Rd2 Bd7 44. d6 Rf3 45. Qxe4 Ra3 46. Bd5+ Kh8 47. Qb4 Ra1+ 48.
Kh2 Bxh3 49. gxh3 e4 50. Qb2 Rh1+ 51. Kxh1 Qxh3+ 52. Kg1 Qg4+ 1/2-1/2

[Event "38th ECC Open 2023"]
[Site "Durres ALB"]
[Date "2023.10.05"]
[Round "5.2"]
[Board "6"]
[White "Ragger, Markus"]
[Black "Urkedal, Frode Olav Olsen"]
[Result "1/2-1/2"]
[WhiteTitle "GM"]
[BlackTitle "GM"]
[WhiteElo "2615"]
[BlackElo "2519"]
[WhiteTeam "Novy Bor"]
[BlackTeam "Offerspill Sjakklubb"]
[WhiteFideId "1610856"]
[BlackFideId "1506102"]
[EventDate "2023.10.01"]

1. d4 Nf6 2. c4 e6 3. Nf3 d5 4. g3 Bb4+ 5. Bd2 Be7 6. Bg2 c6 7. Qc2 Nbd7 8. O-O
O-O 9. Bf4 b6 10. Nbd2 Nh5 11. e3 Bb7 12. cxd5 Nxf4 13. exf4 cxd5 14. Rfc1 Rc8
15. Qa4 a6 16. Bf1 b5 17. Qd1 Qb6 18. Bd3 g6 19. Qe2 Rxc1+ 20. Rxc1 Rc8 21.
Rxc8+ Bxc8 22. Nb3 b4 23. f5 Bf6 24. Qc2 Bb7 25. fxg6 hxg6 26. Bxg6 fxg6 27.
Qxg6+ Bg7 28. Ng5 Nf8 29. Qf7+ Kh8 30. Qh5+ Kg8 31. Qf7+ Kh8 32. Nc5 Bc8 33.
Qh5+ Kg8 34. Qf7+ Kh8 35. Qh5+ Kg8 36. Qf7+ 1/2-1/2

[Event "38th ECC Open 2023"]
[Site "Durres ALB"]
[Date "2023.10.05"]
[Round "5.3"]
[Board "1"]
[White "Dardha, Daniel"]
[Black "Mamedyarov, Shakhriyar"]
[Result "0-1"]
[WhiteTitle "GM"]
[BlackTitle "GM"]
[WhiteElo "2580"]
[BlackElo "2734"]
[WhiteTeam "C' Chartres Echecs"]
[BlackTeam "Schachclub Viernheim 1934 e.V."]
[WhiteFideId "240990"]
[BlackFideId "13401319"]
[EventDate "2023.10.01"]

1. d4 Nf6 2. c4 g6 3. h4 Bg7 4. Nc3 Nc6 5. Nf3 O-O 6. d5 Nb4 7. g3 e6 8. a3 Na6
9. Bg2 exd5 10. cxd5 Re8 11. O-O Nc5 12. d6 c6 13. Nd2 a5 14. b3 Re6 15. Qc2
Rxd6 16. Nc4 Re6 17. Be3 Bf8 18. Bh3 Re8 19. b4 d5 20. Bxc8 Qxc8 21. Bxc5 Qh3
22. Nd2 Bxc5 23. bxc5 Ng4 24. Nf3 Re3 25. Rfe1 Rae8 26. Qd3 Rxd3 27. exd3 Re3 0-1

[Event "38th ECC Open 2023"]
[Site "Durres ALB"]
[Date "2023.10.05"]
[Round "5.3"]
[Board "2"]
[White "Amin, Bassem"]
[Black "Lagarde, Maxime"]
[Result "1/2-1/2"]
[WhiteTitle "GM"]
[BlackTitle "GM"]
[WhiteElo "2680"]
[BlackElo "2626"]
[WhiteTeam "Schachclub Viernheim 1934 e.V."]
[BlackTeam "C' Chartres Echecs"]
[WhiteFideId "10601457"]
[BlackFideId "662399"]
[EventDate "2023.10.01"]

1. Nf3 c5 2. g3 Nf6 3. Bg2 Nc6 4. O-O e5 5. e4 Be7 6. c3 d6 7. d4 cxd4 8. cxd4
Bg4 9. d5 Nd4 10. Be3 Nxf3+ 11. Bxf3 h5 12. Nc3 Qd7 13. Be2 Bxe2 14. Qxe2 h4 15.
f3 hxg3 16. hxg3 a6 17. g4 Nh7 18. Kg2 Nf8 19. Rh1 Rxh1 20. Rxh1 Ng6 21. Qd2 Rc8
22. Ne2 Bh4 23. b3 f6 24. Ng3 Bxg3 25. Kxg3 Kf7 26. Qb4 Rc2 27. Rc1 Rxc1 28.
Bxc1 Qc7 29. Be3 Nf4 30. Bxf4 exf4+ 31. Kxf4 Qc1+ 32. Kg3 Qg1+ 33. Kh3 Qh1+ 1/2-1/2

[Event "38th ECC Open 2023"]
[Site "Durres ALB"]
[Date "2023.10.05"]
[Round "5.3"]
[Board "3"]
[White "Droin, Augustin"]
[Black "Korobov, Anton"]
[Result "0-1"]
[WhiteTitle "IM"]
[BlackTitle "GM"]
[WhiteElo "2468"]
[BlackElo "2658"]
[WhiteTeam "C' Chartres Echecs"]
[BlackTeam "Schachclub Viernheim 1934 e.V."]
[WhiteFideId "45105987"]
[BlackFideId "14105730"]
[EventDate "2023.10.01"]

1. e4 c5 2. Nf3 e6 3. d4 cxd4 4. Nxd4 Nc6 5. Nc3 Qc7 6. Be3 a6 7. a3 Be7 8. f4
d6 9. Be2 Nf6 10. O-O O-O 11. g4 Nxd4 12. Bxd4 e5 13. Be3 exf4 14. Bxf4 Be6 15.
g5 Nd7 16. Kh1 Rac8 17. Qd4 Ne5 18. Rac1 Qd8 19. h4 Rc7 20. Rfd1 Qc8 21. Qe3 f6
22. Rf1 fxg5 23. Bxg5 Bxg5 24. Qxg5 h6 25. Qg3 Rcf7 26. Rxf7 Rxf7 27. Rf1 Rxf1+
28. Bxf1 Qc5 29. Be2 Qb6 30. Nd1 Bf7 31. Qe3 Qd8 32. Qf2 Ng6 33. h5 Ne5 34. Qg3
Qe8 35. Ne3 Bxh5 36. Nf5 Bg6 37. Nxd6 Qe7 38. Nf5 Qe6 39. Qf4 Kh7 40. b4 b5 41.
Kg2 Nc4 42. Bd3 Ne5 43. Be2 Qf6 44. Kg3 Bf7 45. Ne3 Qe7 46. Bd3 g5 47. Qf5+ Bg6
48. Qf1 Qd6 49. Kg2 h5 50. Nf5 Bxf5 51. Qxf5+ Kh6 52. Qc8 g4 53. Qh8+ Kg5 54.
Qg7+ Kh4 55. Qa7 Nxd3 56. cxd3 Qg3+ 57. Kh1 Kh3 0-1

[Event "38th ECC Open 2023"]
[Site "Durres ALB"]
[Date "2023.10.05"]
[Round "5.3"]
[Board "4"]
[White "Kryvoruchko, Yuriy"]
[Black "Razafindratsima, Timothe"]
[Result "1/2-1/2"]
[WhiteTitle "GM"]
[BlackTitle "IM"]
[WhiteElo "2656"]
[BlackElo "2459"]
[WhiteTeam "Schachclub Viernheim 1934 e.V."]
[BlackTeam "C' Chartres Echecs"]
[WhiteFideId "14109182"]
[BlackFideId "36069884"]
[EventDate "2023.10.01"]

1. Nf3 c5 2. c4 Nf6 3. Nc3 e6 4. g3 d5 5. cxd5 exd5 6. d4 Nc6 7. Bg2 cxd4 8.
Nxd4 Bc5 9. Nb3 Bb6 10. O-O d4 11. Na4 O-O 12. Nxb6 axb6 13. Bxc6 bxc6 14. Qxd4
Qc7 15. Bg5 c5 16. Qh4 Nd5 17. e4 Ra4 18. Rfd1 f6 19. Rxd5 fxg5 20. Qxg5 Rxe4
21. Rad1 h6 22. Qd2 Ree8 23. Qc3 Qb7 24. f3 Be6 25. Re5 Rxf3 26. Qe1 Qf7 27. Nd2
Rf5 28. Re3 Bd7 29. Rxe8+ Bxe8 30. Nc4 Qxc4 31. Qxe8+ Rf8 32. b3 Qc2 33. Qe6+
Kh8 34. Rf1 Rxf1+ 35. Kxf1 Qb1+ 36. Qe1 Qxa2 37. Qe8+ 1/2-1/2

[Event "38th ECC Open 2023"]
[Site "Durres ALB"]
[Date "2023.10.05"]
[Round "5.3"]
[Board "6"]
[White "Maze, Sebastien"]
[Black "Guliyev, Namig"]
[Result "1/2-1/2"]
[WhiteTitle "GM"]
[BlackTitle "GM"]
[WhiteElo "2546"]
[BlackElo "2531"]
[WhiteTeam "Schachclub Viernheim 1934 e.V."]
[BlackTeam "C' Chartres Echecs"]
[WhiteFideId "613762"]
[BlackFideId "13400363"]
[EventDate "2023.10.01"]

1. d4 d5 2. Nf3 Nf6 3. c4 dxc4 4. e3 e6 5. Bxc4 c5 6. O-O a6 7. Nbd2 cxd4 8.
Nxd4 Be7 9. b3 O-O 10. Bb2 b5 11. Be2 Bb7 12. Bf3 Qd7 13. Rc1 Ra7 14. Qe2 Bxf3
15. N2xf3 Rc8 16. Ne5 Qe8 17. f4 Rac7 18. Rxc7 Rxc7 19. f5 Bd6 20. Ng4 Nbd7 21.
Nxf6+ Nxf6 22. fxe6 fxe6 23. a4 Bc5 24. axb5 Bxd4 25. Bxd4 Qxb5 26. Qxb5 axb5
27. Bxf6 gxf6 28. Rxf6 Rc3 29. Rxe6 Kf7 30. Re4 Rxb3 31. Kf2 b4 32. Rc4 Rb2+ 33.
Kf3 b3 34. Rb4 h5 35. Kg3 Kg6 36. Rb5 Kh6 37. Rb6+ Kg7 38. h3 Kh7 39. Kh4 Rxg2
40. Rxb3 Kg6 41. Rb6+ Kf7 42. Rb4 Kg6 43. Re4 Rg1 44. Rf4 Re1 45. Rf3 Re2 46.
Kg3 Kg5 47. h4+ Kg6 48. Kh3 Kg7 1/2-1/2

[Event "38th ECC Open 2023"]
[Site "Durres ALB"]
[Date "2023.10.05"]
[Round "5.4"]
[Board "1"]
[White "Donchenko, Alexander"]
[Black "Heimann, Andreas"]
[Result "1-0"]
[WhiteTitle "GM"]
[BlackTitle "GM"]
[WhiteElo "2676"]
[BlackElo "2552"]
[WhiteTeam "Turkish Airlines Sports Club"]
[BlackTeam "Schachgesellschaft Riehen"]
[WhiteFideId "24603295"]
[BlackFideId "24624632"]
[EventDate "2023.10.01"]

1. d4 Nf6 2. c4 e6 3. Nf3 d5 4. g3 Bb4+ 5. Bd2 Be7 6. Bg2 O-O 7. O-O c6 8. Qc2
Nbd7 9. Rc1 b6 10. a4 Bb7 11. a5 c5 12. a6 Bc6 13. cxd5 exd5 14. dxc5 bxc5 15.
Ba5 Qc8 16. b4 Bb5 17. bxc5 Bxc5 18. Nc3 Bxa6 19. Ng5 h6 20. Nh3 Bc4 21. e3 Bb6
22. Nf4 Bxa5 23. Rxa5 Nb6 24. e4 Qb8 25. exd5 Qd6 26. Ne4 Nxe4 27. Qxe4 Rfc8 28.
Qd4 Bb3 29. Rca1 g6 30. h4 Rc7 31. Re1 Rd8 32. Kh2 Rc4 33. Qd2 Ra4 34. Rxa4 Bxa4
35. Qa5 Qc7 36. Ra1 Bb3 37. Ra3 Bc4 38. Qc3 Qe7 39. Ra5 h5 40. Qd4 Rd7 41. Rc5
Ba6 42. Rc6 Rd6 43. Qc5 Rd7 44. Qc3 1-0

[Event "38th ECC Open 2023"]
[Site "Durres ALB"]
[Date "2023.10.05"]
[Round "5.4"]
[Board "2"]
[White "Demuth, Adrien"]
[Black "Vallejo Pons, Francisco"]
[Result "1/2-1/2"]
[WhiteTitle "GM"]
[BlackTitle "GM"]
[WhiteElo "2484"]
[BlackElo "2680"]
[WhiteTeam "Schachgesellschaft Riehen"]
[BlackTeam "Turkish Airlines Sports Club"]
[WhiteFideId "642274"]
[BlackFideId "2205530"]
[EventDate "2023.10.01"]

1. d4 e6 2. c4 f5 3. Nf3 Nf6 4. Nc3 Bb4 5. Bd2 b6 6. g3 Bb7 7. Bg2 O-O 8. O-O a5
9. Rc1 Qe7 10. a3 Bxc3 11. Bxc3 Ne4 12. Nd2 Nxc3 13. Rxc3 Bxg2 14. Kxg2 d6 15.
c5 bxc5 16. dxc5 Nd7 17. cxd6 cxd6 18. Qc2 Rfb8 19. Rc7 Qd8 20. Qc3 Nf6 21. Rc1
Ne8 22. Rc6 a4 23. Rc2 Qd7 24. e4 e5 25. Qc4+ Kh8 26. exf5 Qxf5 27. Ne4 Rb3 28.
Nd2 Rbb8 29. Ne4 Rb3 30. Nd2 Rbb8 1/2-1/2

[Event "38th ECC Open 2023"]
[Site "Durres ALB"]
[Date "2023.10.05"]
[Round "5.4"]
[Board "3"]
[White "Bluebaum, Matthias"]
[Black "Brunner, Nicolas"]
[Result "1-0"]
[WhiteTitle "GM"]
[BlackTitle "IM"]
[WhiteElo "2668"]
[BlackElo "2425"]
[WhiteTeam "Turkish Airlines Sports Club"]
[BlackTeam "Schachgesellschaft Riehen"]
[WhiteFideId "24651516"]
[BlackFideId "620246"]
[EventDate "2023.10.01"]

1. Nf3 d5 2. g3 Bg4 3. Ne5 Bf5 4. c4 c6 5. Qb3 Qb6 6. d4 Nf6 7. cxd5 Qxb3 8.
axb3 cxd5 9. Nc3 Nc6 10. Nxc6 bxc6 11. Ra6 e6 12. Rxc6 a5 13. e4 Bxe4 14. Bb5
Bb4 15. f3 Bc2 16. Rxe6+ Kf8 17. Rc6 Bxb3 18. Kf2 Ng8 19. Re1 Ne7 20. Rc7 f6 21.
Bd2 Nf5 22. Nb1 Bd6 23. Rd7 h5 24. Bd3 Ba4 25. Bxf5 Bxd7 26. Bxd7 h4 27. Kg2
hxg3 28. hxg3 Rb8 29. Nc3 Rh5 30. Nb5 Bb4 31. Bxb4+ axb4 32. Nc7 b3 33. Ne6+ Kg8
34. Nf4 Rh6 35. Be6+ 1-0

[Event "38th ECC Open 2023"]
[Site "Durres ALB"]
[Date "2023.10.05"]
[Round "5.4"]
[Board "4"]
[White "Cvitan, Ognjen"]
[Black "Cheparinov, Ivan"]
[Result "1/2-1/2"]
[WhiteTitle "GM"]
[BlackTitle "GM"]
[WhiteElo "2426"]
[BlackElo "2658"]
[WhiteTeam "Schachgesellschaft Riehen"]
[BlackTeam "Turkish Airlines Sports Club"]
[WhiteFideId "14500086"]
[BlackFideId "2905540"]
[EventDate "2023.10.01"]

1. d4 Nf6 2. c4 e6 3. Nc3 Bb4 4. e3 O-O 5. Bd3 d5 6. a3 Bxc3+ 7. bxc3 c6 8. Nf3
b6 9. a4 Ba6 10. Ba3 Re8 11. Ne5 c5 12. O-O Qc7 13. Rc1 Nbd7 14. Nxd7 Qxd7 15.
cxd5 Bxd3 16. dxe6 Rxe6 17. Qxd3 Qxa4 18. c4 cxd4 19. exd4 Rc8 20. d5 Re4 21. c5
bxc5 22. Bxc5 h5 23. Ra1 Qc4 24. Qxc4 Rxc4 25. Bxa7 Nxd5 26. h3 Nc3 27. Rfe1 Nb5
28. Be3 Nd4 29. Bxd4 Rxd4 30. Rad1 Rxd1 31. Rxd1 1/2-1/2

[Event "38th ECC Open 2023"]
[Site "Durres ALB"]
[Date "2023.10.05"]
[Round "5.4"]
[Board "5"]
[White "Santos Latasa, Jaime"]
[Black "Haag, Gregor"]
[Result "1-0"]
[WhiteTitle "GM"]
[WhiteElo "2650"]
[BlackElo "2329"]
[WhiteTeam "Turkish Airlines Sports Club"]
[BlackTeam "Schachgesellschaft Riehen"]
[WhiteFideId "2293307"]
[BlackFideId "24680931"]
[EventDate "2023.10.01"]

1. e4 c5 2. Nf3 d6 3. d4 cxd4 4. Nxd4 Nf6 5. Nc3 Nc6 6. Bg5 e6 7. Qd2 a6 8.
O-O-O Bd7 9. Kb1 Be7 10. f3 Nxd4 11. Qxd4 Qc7 12. Qd2 b5 13. Bd3 b4 14. Ne2 a5
15. c4 bxc3 16. Qxc3 Qb7 17. Rc1 O-O 18. Qc7 Ra7 19. Qxb7 Rxb7 20. Nc3 Rfb8 21.
Rc2 h6 22. Be3 Ne8 23. Rd1 Bf6 24. Bc1 g5 25. Bf1 Kf8 26. g3 Ke7 27. f4 Rc7 28.
Bd2 Bc6 29. Re1 gxf4 30. gxf4 Bd4 31. Nd1 a4 32. Ba5 Bb6 33. Bxb6 Rxb6 34. Nc3
Kf8 35. a3 Rcb7 36. Rd1 Ke7 37. Rd4 Ra7 38. Rb4 Rxb4 39. axb4 Nf6 40. Bd3 Bd7
41. Ka2 e5 42. fxe5 dxe5 43. Ka3 Ne8 44. b5 Nd6 45. Rg2 Be6 46. Kb4 Rd7 47. Nxa4
Nxe4 48. Bxe4 Rd4+ 49. Ka5 Rxe4 50. b6 Bd5 51. Rc2 Kd6 52. Nc3 1-0

[Event "38th ECC Open 2023"]
[Site "Durres ALB"]
[Date "2023.10.05"]
[Round "5.4"]
[Board "6"]
[White "Jaeggi, Dorian"]
[Black "Gurel, Ediz"]
[Result "0-1"]
[WhiteTitle "FM"]
[BlackTitle "IM"]
[WhiteElo "2333"]
[BlackElo "2514"]
[WhiteTeam "Schachgesellschaft Riehen"]
[BlackTeam "Turkish Airlines Sports Club"]
[WhiteFideId "1306294"]
[BlackFideId "44507356"]
[EventDate "2023.10.01"]

1. d4 Nf6 2. c4 e6 3. Nf3 d5 4. Nc3 c6 5. e3 Be7 6. Qc2 O-O 7. Bd3 dxc4 8. Bxc4
c5 9. O-O Nc6 10. Rd1 cxd4 11. exd4 Nb4 12. Qe2 b6 13. Bg5 Bb7 14. Ne5 Nbd5 15.
Rac1 Nxc3 16. bxc3 Nd5 17. Bxe7 Qxe7 18. Bxd5 Bxd5 19. c4 Bb7 20. c5 Bd5 21. Rc3
Rac8 22. Rdc1 Rc7 23. a3 bxc5 24. dxc5 Qg5 25. g3 Rfc8 26. Nd3 Qf5 27. Nb4 Ba8
28. c6 h6 29. Rc5 Qf6 30. Qe5 Qxe5 31. Rxe5 Kf8 32. Kf1 Bxc6 33. Ke1 Bf3 34.
Rxc7 Rxc7 35. Kd2 Ke7 36. Ra5 g5 37. Nc2 Rb7 38. Nd4 Bg2 39. f3 Kf6 40. Ke2 Rb2+
41. Ke3 Bf1 42. f4 gxf4+ 43. gxf4 a6 44. Rh5 Kg6 45. Rh4 Ra2 46. Nf3 Rxa3+ 47.
Kf2 Bd3 48. Rh3 Ra2+ 49. Ke3 Bf5 50. Rg3+ Kf6 51. Rg8 a5 52. Ra8 Ra3+ 0-1

[Event "38th ECC Open 2023"]
[Site "Durres ALB"]
[Date "2023.10.05"]
[Round "5.5"]
[Board "1"]
[White "Michalik, Peter"]
[Black "Nihal, Sarin"]
[Result "1/2-1/2"]
[WhiteTitle "GM"]
[BlackTitle "GM"]
[WhiteElo "2576"]
[BlackElo "2694"]
[WhiteTeam "SK Javes Modra"]
[BlackTeam "TAJFUN SK Ljubljana"]
[WhiteFideId "14907526"]
[BlackFideId "25092340"]
[EventDate "2023.10.01"]

1. d4 Nf6 2. c4 e6 3. Nf3 d5 4. Nc3 c6 5. e3 Nbd7 6. Qc2 b6 7. cxd5 cxd5 8. Nb5
Bb4+ 9. Bd2 Bxd2+ 10. Nxd2 O-O 11. Qc7 a6 12. Qxd8 Rxd8 13. Nc3 Bb7 14. Be2 Kf8
15. O-O Ne8 16. Rfc1 Nd6 17. Rc2 Ke7 18. Rac1 Rdc8 19. Ncb1 Rxc2 20. Rxc2 g5 21.
a4 b5 22. Nc3 b4 23. Na2 a5 24. Nc1 Nb6 25. b3 Rc8 26. Rxc8 Bxc8 27. f3 f6 28.
Bd3 h6 29. f4 Bd7 30. Kf2 Be8 31. Ne2 Bxa4 32. bxa4 Nxa4 33. Nb3 Nb2 34. Bc2 a4
35. Nc5 b3 36. Nxa4 Nxa4 37. Bxb3 Nb2 38. Bc2 Nb5 39. Ke1 f5 40. fxg5 hxg5 41.
g3 Nc4 42. Bd3 g4 43. Kf2 Nbd6 44. Nf4 Ne8 45. h4 gxh3 46. Nxh3 Nf6 47. Ke2 Nd6
48. Nf4 Nf7 49. Nh3 Kd6 50. Kf3 Kc6 51. Kf4 Nh5+ 52. Kf3 Nf6 1/2-1/2

[Event "38th ECC Open 2023"]
[Site "Durres ALB"]
[Date "2023.10.05"]
[Round "5.5"]
[Board "2"]
[White "Volokitin, Andrei"]
[Black "Laurusas, Tomas"]
[Result "1/2-1/2"]
[WhiteTitle "GM"]
[BlackTitle "GM"]
[WhiteElo "2664"]
[BlackElo "2547"]
[WhiteTeam "TAJFUN SK Ljubljana"]
[BlackTeam "SK Javes Modra"]
[WhiteFideId "14107090"]
[BlackFideId "12803731"]
[EventDate "2023.10.01"]

1. e4 e5 2. Nf3 Nf6 3. Nxe5 d6 4. Nf3 Nxe4 5. d4 d5 6. Bd3 Nc6 7. O-O Be7 8.
Nbd2 Bf5 9. Re1 Nxd2 10. Qxd2 Bxd3 11. Qxd3 O-O 12. c3 h6 13. Bf4 Bd6 14. Be5
Qd7 15. Re2 Rfe8 16. Rae1 a6 17. g3 Bf8 18. Bf4 Rxe2 19. Qxe2 Rc8 20. h4 Qf5 21.
Kg2 Ne7 22. Ne5 Ng6 23. Nd3 h5 24. Qf3 c6 25. a4 f6 26. a5 Kf7 27. Qe2 Be7 28.
b3 Bf8 29. Qf3 Be7 30. Qe2 Bf8 31. Bc1 Rd8 32. Qf3 Qxf3+ 33. Kxf3 Bd6 34. Re2
Nf8 35. Bf4 Ne6 36. Bxd6 Rxd6 37. Nf4 Nxf4 38. Kxf4 Rd8 39. f3 Rc8 40. b4 Rh8
41. Kf5 g6+ 42. Kf4 Rh7 43. Re1 1/2-1/2

[Event "38th ECC Open 2023"]
[Site "Durres ALB"]
[Date "2023.10.05"]
[Round "5.5"]
[Board "3"]
[White "Kraus, Tomas"]
[Black "Erdos, Viktor"]
[Result "1/2-1/2"]
[WhiteTitle "IM"]
[BlackTitle "GM"]
[WhiteElo "2491"]
[BlackElo "2559"]
[WhiteTeam "SK Javes Modra"]
[BlackTeam "TAJFUN SK Ljubljana"]
[WhiteFideId "331708"]
[BlackFideId "719978"]
[EventDate "2023.10.01"]

1. e4 e5 2. Nf3 Nf6 3. Nc3 Nc6 4. d4 exd4 5. Nxd4 Bb4 6. Nxc6 bxc6 7. Bd3 d5 8.
Bd2 O-O 9. O-O Rb8 10. Re1 Bg4 11. Qc1 Re8 12. exd5 Rxe1+ 13. Qxe1 cxd5 14. h3
Bd7 15. a3 Bd6 16. b4 c5 17. bxc5 Bxc5 18. Qe5 Be6 19. Bf4 Rc8 20. Nb5 Nd7 21.
Qe1 Qf6 22. Bg3 Qg5 23. Kh2 Qe7 24. Rb1 Nf6 25. Qe5 Ne4 26. Bxe4 dxe4 27. Qxe4
a6 28. Nd4 Bxd4 29. Qxd4 Qxa3 30. Ra1 Qc3 31. Qxc3 Rxc3 32. Rxa6 Rxc2 33. Ra8+
Rc8 34. Rxc8+ Bxc8 1/2-1/2

[Event "38th ECC Open 2023"]
[Site "Durres ALB"]
[Date "2023.10.05"]
[Round "5.5"]
[Board "4"]
[White "Saric, Ivan"]
[Black "Baidetskyi, Valentin"]
[Result "1-0"]
[WhiteTitle "GM"]
[BlackTitle "IM"]
[WhiteElo "2647"]
[BlackElo "2471"]
[WhiteTeam "TAJFUN SK Ljubljana"]
[BlackTeam "SK Javes Modra"]
[WhiteFideId "14508150"]
[BlackFideId "14142317"]
[EventDate "2023.10.01"]

1. e4 e6 2. d4 d5 3. Nc3 Nf6 4. e5 Nfd7 5. f4 c5 6. Nf3 Nc6 7. Be3 Be7 8. Qd2 a6
9. Ne2 O-O 10. Ng3 cxd4 11. Nxd4 Nxd4 12. Bxd4 f6 13. exf6 Bxf6 14. O-O-O Bxd4
15. Qxd4 Qf6 16. f5 Qxd4 17. Rxd4 exf5 18. Rxd5 Nf6 19. Rd4 b5 20. a4 Bd7 21.
Bd3 g6 22. a5 Bc6 23. Rd6 Bxg2 24. Rg1 Ne4 25. Rb6 Bf3 26. Rf1 Ng5 27. h4 f4 28.
Nf5 gxf5 29. hxg5 Be4 30. Rxf4 Bxd3 31. cxd3 Kg7 32. Kd2 Ra7 33. Rh6 Rc7 34.
Rxa6 Rfc8 35. Rxf5 Rc2+ 36. Ke3 Rxb2 37. Rb6 b4 38. Rd5 Rc7 39. a6 Re7+ 40. Kd4
Ra2 41. Rb7 Kf8 42. Rd8+ Kf7 43. Rh8 1-0

[Event "38th ECC Open 2023"]
[Site "Durres ALB"]
[Date "2023.10.05"]
[Round "5.5"]
[Board "5"]
[White "Stevik, Patrik"]
[Black "Brkic, Ante"]
[Result "0-1"]
[WhiteTitle "FM"]
[BlackTitle "GM"]
[WhiteElo "2169"]
[BlackElo "2606"]
[WhiteTeam "SK Javes Modra"]
[BlackTeam "TAJFUN SK Ljubljana"]
[WhiteFideId "14944812"]
[BlackFideId "14506688"]
[EventDate "2023.10.01"]

1. Nf3 d5 2. d4 Nf6 3. c4 e6 4. g3 Bb4+ 5. Bd2 Be7 6. Bg2 O-O 7. Qc2 Nbd7 8. O-O
c6 9. b3 b6 10. Rc1 Bb7 11. a4 a5 12. Nc3 Rc8 13. cxd5 exd5 14. Bh3 Ra8 15. Bf4
h6 16. Be5 Re8 17. Rd1 Nf8 18. e3 Bb4 19. Bxf6 Qxf6 20. Ne5 Bd6 21. f4 Qe7 22.
Re1 Bb4 23. Nd3 Bc8 24. Bxc8 Raxc8 25. Re2 Nd7 26. Ne5 Nf6 27. Na2 Ne4 28. Nxb4
axb4 29. a5 bxa5 30. Rxa5 f6 31. Nd3 Nc3 32. Re1 Ra8 33. Rxa8 Rxa8 34. Nc5 Ra2
35. Qf5 Ra8 36. e4 dxe4 37. Nxe4 Kh8 38. Kg2 Qf7 39. Nc5 Nb5 40. Qe6 Ra2+ 41.
Kg1 Qxe6 42. Nxe6 Rd2 43. Rc1 Nxd4 44. Nxd4 Rxd4 45. Rxc6 Rd3 46. Kg2 Rxb3 47.
Rb6 Kh7 48. f5 Rb2+ 49. Kg1 b3 50. Rb8 g5 51. fxg6+ Kxg6 52. Rb5 f5 53. h3 Kf6
54. Kh1 Ke6 55. Kg1 Kd6 56. g4 f4 57. h4 Rb1+ 58. Kh2 f3 59. Rf5 b2 60. Rxf3 Rd1 0-1

[Event "38th ECC Open 2023"]
[Site "Durres ALB"]
[Date "2023.10.05"]
[Round "5.5"]
[Board "6"]
[White "Markus, Robert"]
[Black "Banas, Kamil"]
[Result "1-0"]
[WhiteTitle "GM"]
[WhiteElo "2578"]
[BlackElo "2217"]
[WhiteTeam "TAJFUN SK Ljubljana"]
[BlackTeam "SK Javes Modra"]
[WhiteFideId "921637"]
[BlackFideId "14902141"]
[EventDate "2023.10.01"]

1. Nf3 d5 2. g3 Bg4 3. Bg2 c6 4. O-O Nd7 5. h3 Bh5 6. d3 Qc7 7. Qe1 e6 8. e4 Bd6
9. exd5 cxd5 10. Nc3 Be7 11. Nd4 Ngf6 12. g4 Bg6 13. f4 Bc5 14. Be3 O-O 15. Qf2
h6 16. f5 exf5 17. gxf5 Bh7 18. Rae1 Rac8 19. Nxd5 Nxd5 20. Bxd5 Nf6 21. Bb3 a6
22. c3 Qd7 23. Ne6 Bxe3 24. Rxe3 Rfe8 25. Nc5 Qc6 26. d4 b6 27. Nd3 Nd7 28. Rg3
Qe4 29. Qf4 Qxf4 30. Nxf4 Nf6 31. Nd3 Re2 32. Rg2 Re3 33. Ne5 Rxh3 34. Bxf7+ Kf8
35. Re2 Rg3+ 36. Kf2 Rg5 37. Bg6 Bg8 38. Rfe1 Bxa2 39. Nd7+ Kg8 40. Nxf6+ gxf6
41. Re7 Bd5 42. c4 Bxc4 43. Rc1 Rg2+ 44. Kxg2 Bd5+ 45. Kg3 Rxc1 46. Rd7 Be4 47.
Kf4 Bg2 48. Bf7+ Kh8 49. Kg4 Rh1 50. Bg6 Bf1 51. d5 h5+ 52. Kf3 h4 53. d6 Bb5
54. Rf7 Rd1 55. Rxf6 h3 56. Kg3 Rd3+ 57. Kh2 Kg8 58. d7 Bxd7 59. Rxb6 Rf3 60.
Rb8+ Kg7 61. Rb7 Rd3 62. Be8 1-0